[Event "ICS Rated standard match"]
[Site "204.178.125.65"]
[Date "2000.12.12"]
[Round "?"]
[White "ChesterX"]
[Black "Hossa"]
[Result "0-1"]
[WhiteElo "2335"]
[BlackElo "2419"]
[PlyCount "133"]
[EventDate "2000.??.??"]

1. d4 d5 2. c3 Nf6 3. Nf3 e6 4. Bg5 h6 5. Bxf6 Qxf6 6. Nbd2 Bd7 7. Qb3 b6 8. e4
dxe4 9. Nxe4 Qf4 10. Bd3 Bc6 11. Nfd2 Be7 12. Bb5 Bd7 13. Bxd7+ Nxd7 14. Qa4 a5
15. Qc6 Ra7 16. O-O Qf5 17. Ng3 Qd5 18. Qxd5 exd5 19. Rae1 g6 20. f4 Kd8 21.
Nf3 c5 22. Re2 Rb7 23. Rd1 cxd4 24. cxd4 Rc7 25. Ne5 Rf8 26. Nf1 b5 27. Ne3 Nb6
28. b3 h5 29. a4 bxa4 30. bxa4 Bb4 31. Rb1 Nxa4 32. Nxd5 Nc3 33. Nxc3 Rxc3 34.
f5 gxf5 35. Rf2 f6 36. Ng6 Rg8 37. Nf4 h4 38. Nd5 Rc4 39. Nxf6 Rg6 40. Nh5 Rxd4
41. Rxf5 Rc4 42. Nf4 Rg4 43. Rd1+ Kc8 44. Nd5 Bc5+ 45. Kf1 Rc2 46. Nf4 Kb7 47.
Nd3 Bb6 48. Ne1 Ra2 49. h3 Rg6 50. Rd7+ Ka6 51. Re7 Rg3 52. Re2 Ra1 53. Rf4 Rg6
54. Re8 a4 55. Ra8+ Kb5 56. Rf5+ Kc6 57. Rc8+ Kd6 58. Rc2 a3 59. Rd2+ Ke7 60.
Re2+ Re6 61. Rfe5 Rxe5 62. Rxe5+ Kf6 63. Re4 Ba5 64. Rf4+ Ke6 65. Re4+ Kd5 66.
Ra4 Bxe1 67. Rxa3 {ChesterX resigns} 0-1

[Event "ICS rated blitz match"]
[Site "204.178.125.65"]
[Date "2000.12.12"]
[Round "?"]
[White "Hossa"]
[Black "trinity"]
[Result "0-1"]
[WhiteElo "2474"]
[BlackElo "2339"]
[PlyCount "130"]
[EventDate "2000.??.??"]

1. Nf3 Nf6 2. d4 e6 3. c4 b6 4. Nc3 Bb4 5. e3 Ne4 6. Qc2 Bb7 7. a3 Bxc3+ 8.
bxc3 f5 9. a4 O-O 10. Be2 Rf6 11. Ba3 d6 12. O-O Rg6 13. Qb3 Nd2 14. Qd1 Nxf1
15. Bxf1 Nd7 16. d5 e5 17. Be2 Qe7 18. Qb3 Kh8 19. Qb5 Rf8 20. Rb1 Bc8 21. a5
e4 22. Nd4 Ne5 23. axb6 axb6 24. Bh5 Rh6 25. Be2 Qh4 26. h3 f4 27. exf4 Bxh3
28. g3 Qf6 29. Rd1 e3 30. fxe3 Qg6 31. Kf2 Bd7 32. Qb3 Rh2+ 33. Ke1 Qxg3+ 34.
Kd2 Ng4 35. Re1 Qxe3+ 36. Kc2 Bf5+ 37. Nxf5 Rxe2+ 38. Rxe2 Qxe2+ 39. Kb1 Rxf5
40. Qa4 Rf8 41. Bc1 Ne3 42. Ka1 Nxc4 43. Kb1 b5 44. Qc2 Qxc2+ 45. Kxc2 h5 46.
Kd3 Re8 47. Kc2 h4 48. f5 h3 49. Bf4 Ne5 50. f6 gxf6 51. Kd2 Nf3+ 52. Kd3 h2
53. Bxh2 Nxh2 54. c4 f5 55. cxb5 f4 56. b6 cxb6 57. Kc4 f3 58. Kd3 f2 59. Kc3
f1=Q 60. Kd2 Qc4 61. Kd1 Qd3+ 62. Kc1 Rc8+ 63. Kb2 Qc3+ 64. Ka2 Ra8+ 65. Kb1
Ra1# {Hossa checkmated} 0-1

[Event "ICS Rated standard match"]
[Site "204.178.125.65"]
[Date "2000.12.12"]
[Round "?"]
[White "Hossa"]
[Black "LeTiger"]
[Result "1-0"]
[WhiteElo "2431"]
[BlackElo "2688"]
[PlyCount "219"]
[EventDate "2000.??.??"]

1. c4 c6 2. e4 d5 3. cxd5 cxd5 4. exd5 Nf6 5. Nc3 Nxd5 6. Nf3 Nxc3 7. bxc3 g6
8. Bb5+ Nc6 9. d4 Bg7 10. O-O O-O 11. Bf4 Qd5 12. Qb3 Qf5 13. Bg5 h6 14. Bxc6
hxg5 15. Bxb7 Rb8 16. Bxc8 Rfxc8 17. Qa3 g4 18. Nd2 e5 19. Nb3 Rxc3 20. Qxa7
Qc8 21. d5 Bf8 22. Rfd1 Bd6 23. Re1 f5 24. Red1 Ra8 25. Qb6 Qc7 26. Qxc7 Rxc7
27. Rd2 Ra3 28. g3 Rc3 29. Rad1 Kf7 30. Rb2 Kf6 31. Rdd2 g5 32. Rbc2 Rxc2 33.
Rxc2 e4 34. Nd2 Rd3 35. Nc4 Rxd5 36. Ne3 Rd3 37. Kf1 Ke6 38. Rc6 f4 39. Nc4 Kd5
40. Rxd6+ Kxc4 41. Rc6+ Kd5 42. Rg6 f3 43. Rxg5+ Ke6 44. Ke1 e3 45. fxe3 Rxe3+
46. Kf1 Re4 47. a3 Ra4 48. Kf2 Kf6 49. Rg8 Kf7 50. Rg5 Rc4 51. h4 Kf6 52. Ke3
Ra4 53. Kd2 Re4 54. Rg8 Kf7 55. Rg5 Ke6 56. Rg6+ Ke5 57. Rg8 Kd4 58. Rd8+ Kc4
59. Rc8+ Kb3 60. Rc3+ Kb2 61. Rc2+ Kxa3 62. Kd3 Re1 63. Rh2 Rg1 64. Ke3 Rb1 65.
Kf4 Rb4+ 66. Kf5 Rb2 67. Rh1 f2 68. Kxg4 Kb4 69. Kf3 Kc4 70. g4 Kd5 71. Rf1
Rb3+ 72. Kxf2 Ke6 73. Kg2 Rb2+ 74. Kf3 Kf7 75. Kf4 Kg6 76. Kg3 Rb3+ 77. Rf3 Rb5
78. Rc3 Rb6 79. Rc4 Rb3+ 80. Kf4 Rb6 81. Rd4 Rf6+ 82. Ke5 Rf2 83. Rd6+ Kh7 84.
g5 Kg7 85. h5 Re2+ 86. Kf4 Rf2+ 87. Kg3 Rf1 88. Rd7+ Kh8 89. g6 Rc1 90. Kf4 Kg8
91. h6 Rf1+ 92. Ke3 Re1+ 93. Kd2 Re8 94. Kd3 Kh8 95. Kd4 Kg8 96. Kd5 Rb8 97.
Kc6 Ra8 98. Kb7 Re8 99. Kc7 Kh8 100. Rd8 Rxd8 101. Kxd8 Kg8 102. Ke7 Kh8 103.
g7+ Kg8 104. Kf6 Kh7 105. Kf7 Kxh6 106. Kf6 Kh7 107. Kf7 Kh6 108. g8=Q Kh5 109.
Qg3 Kh6 110. Qh4# {LeTiger checkmated} 1-0

[Event "ICS rated standard match"]
[Site "204.178.125.65"]
[Date "2000.12.12"]
[Round "?"]
[White "Hossa"]
[Black "taxadviser"]
[Result "0-1"]
[WhiteElo "2457"]
[BlackElo "2545"]
[PlyCount "128"]
[EventDate "2000.??.??"]

1. c4 Nf6 2. d4 e6 3. Bg5 Bb4+ 4. Nc3 h6 5. Bh4 c5 6. e3 cxd4 7. exd4 Qa5 8.
Nge2 Ne4 9. Qd3 d5 10. cxd5 exd5 11. f3 Nxc3 12. Nxc3 O-O 13. Be2 Nc6 14. a3
Re8 15. O-O Bxc3 16. bxc3 Bf5 17. Qxf5 Rxe2 18. Rfc1 Re3 19. Qc2 Rae8 20. Qb2
b6 21. a4 a6 22. Bf2 Re2 23. Qb3 R8e6 24. Rcb1 Ne7 25. f4 Nf5 26. Kf1 R2e4 27.
g3 Rc6 28. Be1 Ne3+ 29. Kg1 Nc4 30. Qd1 Rce6 31. Qf3 Re8 32. f5 f6 33. Qh5 R8e7
34. Kf2 Re3 35. Kg2 Re2+ 36. Kh3 Nd6 37. Kg4 Ne4 38. Qh4 Ng5 39. Kh5 R7e4 40.
g4 Nf3 41. Qg3 Rxh2+ 42. Kg6 Nh4+ 43. Kh5 g6+ 44. fxg6 Nf3+ 45. Qxh2 Nxh2 46.
Ra2 Nf3 47. Bg3 Qxc3 48. Rxb6 Re8 49. Re2 Ne5 50. Rxe5 fxe5 51. Bh4 exd4 52.
Kxh6 Qe3+ 53. Kh5 d3 54. Rb1 d2 55. Bf6 Qh3+ 56. Kg5 Qd3 57. Rd1 Re1 58. Ra1
Rxa1 59. Be5 d1=Q 60. Kf6 Qxg4 61. Ke7 Qe3 62. Kd8 Qxe5 63. a5 Qd6+ 64. Ke8
Qdd7# {Hossa checkmated} 0-1

[Event "ICS rated blitz match"]
[Site "204.178.125.65"]
[Date "2000.12.12"]
[Round "?"]
[White "Hossa"]
[Black "winner3"]
[Result "0-1"]
[WhiteElo "2452"]
[BlackElo "2146"]
[PlyCount "110"]
[EventDate "2000.??.??"]

1. d4 d5 2. c4 dxc4 3. e4 b5 4. a4 c6 5. axb5 cxb5 6. Nc3 Bd7 7. Be2 e6 8. d5
exd5 9. Qxd5 Bc6 10. Qxd8+ Kxd8 11. Nf3 Bb4 12. Bd2 Nf6 13. e5 Nfd7 14. O-O Re8
15. Rfd1 a5 16. Bf4 Kc8 17. Nd4 Bxc3 18. bxc3 Nxe5 19. Nf5 Kc7 20. Nxg7 Re7 21.
Nf5 Re6 22. Nd4 Re7 23. Nxb5+ Bxb5 24. Rd5 Nbd7 25. Rxb5 a4 26. Bxc4 Kc6 27.
Bd5+ Kxb5 28. Bxa8 Nc5 29. Bg5 Rd7 30. Bf6 Nc4 31. g4 a3 32. Rb1+ Ka5 33. Re1
a2 34. Ra1 Rd2 35. Bd5 Rxd5 36. Rxa2+ Kb5 37. Ra8 Nd2 38. Rf8 Rd7 39. h3 Nce4
40. Bg7 Kc4 41. Kg2 Kd3 42. Rg8 Nxc3 43. Bxc3 Kxc3 44. Rg7 h6 45. Rh7 Ne4 46.
f4 Kd4 47. Kf3 Rb7 48. Rxh6 Rb3+ 49. Kg2 Rb2+ 50. Kg1 Ke3 51. Rh7 Ng3 52. Rxf7
Kf3 53. Rd7 Rb1+ 54. Rd1 Rxd1+ 55. Kh2 Rh1# {Hossa checkmated} 0-1

[Event "ICS rated standard match"]
[Site "204.178.125.65"]
[Date "2000.12.12"]
[Round "?"]
[White "PostModernist"]
[Black "Hossa"]
[Result "1-0"]
[WhiteElo "2343"]
[BlackElo "2445"]
[PlyCount "159"]
[EventDate "2000.??.??"]

1. e4 Nf6 2. e5 Nd5 3. d4 d6 4. Nf3 Bg4 5. Be2 e6 6. O-O Be7 7. c4 Nb6 8. Be3
O-O 9. Nc3 dxe5 10. Nxe5 Bxe2 11. Qxe2 N8d7 12. Rad1 Bb4 13. c5 Bxc3 14. cxb6
Ba5 15. Qb5 Nf6 16. Qxa5 axb6 17. Qd2 Rxa2 18. Ra1 Qd5 19. Rxa2 Qxa2 20. Rc1
Nd5 21. Qe2 Ra8 22. Qf3 Rf8 23. Nd3 c6 24. Qg3 Nf6 25. Bh6 Ne8 26. Bg5 f6 27.
Bd2 Kh8 28. Qb8 Qa6 29. Nf4 Qa2 30. Qxb7 Qxb2 31. Be3 e5 32. dxe5 Qxe5 33. Qxb6
Nd6 34. Qxc6 Rd8 35. Rd1 Qe7 36. g3 Nf7 37. Rxd8+ Qxd8 38. Ne6 Qg8 39. Qd5 Qb8
40. Bc5 Kg8 41. Kg2 h6 42. h4 Qc8 43. h5 Ne5 44. Nd8+ Kh7 45. f4 Nd7 46. Qf5+
Kh8 47. Be7 Qa8+ 48. Kh2 Nf8 49. Nf7+ Kg8 50. Nd6 Qa2+ 51. Kh3 Qe2 52. Bxf8
Qf1+ 53. Kh4 Qh1+ 54. Qh3 Qxh3+ 55. Kxh3 Kxf8 56. Kg4 Ke7 57. Nf5+ Kf7 58. Nd4
g6 59. hxg6+ Kxg6 60. f5+ Kf7 61. Kh5 Kg7 62. g4 Kf8 63. g5 Ke7 64. gxf6+ Kd6
65. f7 Kc5 66. f8=Q+ Kd5 67. Nf3 Kc6 68. Qd6+ Kxd6 69. Kxh6 Kd5 70. f6 Ke6 71.
Kg5 Kf7 72. Kf5 Kg8 73. Ne5 Kf8 74. Ke6 Ke8 75. f7+ Kf8 76. Ng6+ Kg7 77. f8=Q+
Kxg6 78. Qg8+ Kh6 79. Kf5 Kh5 80. Qh8# {Hossa checkmated} 1-0

[Event "ICS rated standard match"]
[Site "204.178.125.65"]
[Date "2000.12.13"]
[Round "?"]
[White "Hossa"]
[Black "Memmius"]
[Result "1-0"]
[WhiteElo "2424"]
[BlackElo "2064"]
[PlyCount "50"]
[EventDate "2000.??.??"]

1. e4 c5 2. b3 Nc6 3. Nf3 d6 4. Bc4 Nf6 5. Nc3 e6 6. O-O Be7 7. d3 a6 8. d4
cxd4 9. Nxd4 Nxd4 10. Qxd4 O-O 11. Bg5 b5 12. Be2 Bb7 13. Rfe1 h6 14. Bd2 Nd7
15. a4 bxa4 16. Qxa4 Nc5 17. Qb4 Qc7 18. Bf3 Rab8 19. Qc4 Bf6 20. b4 Rfc8 21.
bxc5 Qxc5 22. Qxc5 Rxc5 23. Ra3 Rbc8 24. e5 Bxe5 25. Rxe5 Rxe5 {Memmius resigns
} 1-0

[Event "ICS rated standard match"]
[Site "204.178.125.65"]
[Date "2000.12.13"]
[Round "?"]
[White "SandmanJr"]
[Black "Hossa"]
[Result "1-0"]
[WhiteElo "2814"]
[BlackElo "2428"]
[PlyCount "147"]
[EventDate "2000.??.??"]

1. d4 d5 2. c4 c6 3. Nf3 Nf6 4. Nc3 e6 5. Bg5 h6 6. Bxf6 Qxf6 7. e3 Nd7 8. Bd3
Bb4 9. O-O O-O 10. e4 dxe4 11. Nxe4 Qf4 12. c5 Ba5 13. g3 Qb8 14. Qc2 Bc7 15.
Nh4 Re8 16. f4 Nf8 17. Nf3 Rd8 18. Nc3 Nd7 19. Ne5 Nf6 20. Rad1 a6 21. b4 Qa7
22. a3 Qb8 23. Rd2 Ra7 24. Be2 Bd7 25. Rfd1 Be8 26. Bf3 Ra8 27. Qd3 Qa7 28. Bg2
h5 29. Bf3 h4 30. Re1 Nd7 31. Bd1 a5 32. Nxd7 Bxd7 33. Bc2 g6 34. b5 cxb5 35.
Nxb5 Qb8 36. Rb1 Qc8 37. Nxc7 Qxc7 38. Qf3 Bc6 39. Be4 hxg3 40. hxg3 Rac8 41.
Rb6 Qd7 42. Bxc6 bxc6 43. Ra6 Qc7 44. Qh1 Rb8 45. Qxc6 Qxc6 46. Rxc6 Rb3 47. g4
Rxa3 48. f5 gxf5 49. gxf5 exf5 50. d5 Rg3+ 51. Kf2 Rc3 52. d6 a4 53. d7 Kf8 54.
Rc8 Ke7 55. c6 Rc4 56. Kf3 Rc3+ 57. Kf4 Rc4+ 58. Kxf5 Rc5+ 59. Ke4 a3 60. Rg2
f5+ 61. Kf4 Rc4+ 62. Kxf5 Rc5+ 63. Ke4 a2 64. Rxa2 Rxc6 65. Rxc6 Rxd7 66. Ke5
Rd8 67. Rh6 Kf7 68. Rf2+ Kg7 69. Rh1 Re8+ 70. Kd6 Rd8+ 71. Ke7 Rd7+ 72. Kxd7
Kg6 73. Rg1+ Kh6 74. Rh2# {Hossa checkmated} 1-0

[Event "ICS rated standard match"]
[Site "204.178.125.65"]
[Date "2000.12.13"]
[Round "?"]
[White "Hossa"]
[Black "janderson"]
[Result "0-1"]
[WhiteElo "2425"]
[BlackElo "2416"]
[PlyCount "126"]
[EventDate "2000.??.??"]

1. e4 e5 2. Nf3 Nf6 3. Nxe5 d6 4. Nf3 Nxe4 5. d4 d5 6. Bd3 Be7 7. O-O Nc6 8.
Re1 Bg4 9. c4 Nf6 10. cxd5 Nxd5 11. Nc3 Qd7 12. Nxd5 Qxd5 13. Be4 Qd6 14. Qb3
Bxf3 15. Qxb7 O-O 16. Qxc6 Bxe4 17. Qxd6 cxd6 18. Rxe4 Bf6 19. Kf1 d5 20. Re2
Bxd4 21. Rd2 Bf6 22. Rxd5 Rad8 23. Rxd8 Rxd8 24. g3 a6 25. Kg2 Rd1 26. Rb1 g6
27. Ra1 Bd4 28. h3 Re1 29. Rb1 f5 30. a3 Re2 31. Be3 Bxe3 32. Kf3 Rxf2+ 33.
Kxe3 Rh2 34. h4 Rc2 35. Kf4 Kf7 36. Kf3 h6 37. Kf4 Kf6 38. Ke3 g5 39. hxg5+
Kxg5 40. Kd4 h5 41. b3 Rg2 42. Kc5 Rxg3 43. Kb6 h4 44. Kxa6 h3 45. b4 Rxa3+ 46.
Kb7 h2 47. Rh1 Rb3 48. b5 Rxb5+ 49. Ka6 Rb2 50. Ka5 f4 51. Ka4 Kg4 52. Ka3 Rf2
53. Kb4 Kg3 54. Ra1 Kg2 55. Ra5 h1=Q 56. Rg5+ Kf3 57. Kc5 Rc2+ 58. Kd5 Qd1+ 59.
Ke6 Rc6+ 60. Ke7 Qd6+ 61. Ke8 Rc8+ 62. Kf7 Rc7+ 63. Ke8 Qe7# {Hossa checkmated}
0-1

[Event "ICS rated bullet match"]
[Site "204.178.125.65"]
[Date "2000.12.13"]
[Round "?"]
[White "Hossa"]
[Black "duendecilla"]
[Result "0-1"]
[WhiteElo "2606"]
[BlackElo "2333"]
[PlyCount "158"]
[EventDate "2000.??.??"]

1. e4 c6 2. d4 d5 3. Nc3 dxe4 4. Nxe4 Nd7 5. Nf3 Ngf6 6. Ng3 e6 7. Bd3 Qc7 8.
O-O c5 9. c3 b6 10. Bg5 Bb7 11. Bxf6 gxf6 12. Be4 Be7 13. Bxb7 Qxb7 14. Qd3 h5
15. Rfe1 h4 16. Ne4 h3 17. g3 O-O-O 18. b4 Ne5 19. Nxe5 fxe5 20. bxc5 f5 21.
cxb6 fxe4 22. Qc4+ Kd7 23. bxa7 e3 24. Qa4+ Qc6 25. Qxc6+ Kxc6 26. Rxe3 Bd6 27.
Rd3 exd4 28. Rxd4 Bc5 29. Re4 Rd6 30. Rh4 Ra8 31. Rxh3 Rxa7 32. Rh8 Rd2 33.
Rc8+ Rc7 34. Rxc7+ Kxc7 35. Kh1 Rxf2 36. a4 e5 37. a5 e4 38. a6 Ba7 39. Rb1 Kc6
40. Rb7 Bc5 41. Rg7 e3 42. a7 Bxa7 43. Rxa7 e2 44. Re7 Rf1+ 45. Kg2 e1=Q 46.
Rxe1 Rxe1 47. h4 Kd5 48. g4 Ke5 49. Kf3 Rc1 50. c4 Rc3+ 51. Kf2 Rxc4 52. Kf3
Rc3+ 53. Kg2 Kf4 54. g5 Kg4 55. g6 Kxh4 56. Kf2 Rg3 57. Ke2 Rxg6 58. Ke3 Kg4
59. Ke4 Re6+ 60. Kd5 Re8 61. Kd6 Kf5 62. Kc5 Re1 63. Kd4 Re7 64. Kc5 Rd7 65.
Kb4 Rd8 66. Kc4 Ke4 67. Kc5 Rd1 68. Kc6 Ke5 69. Kc5 Rc1+ 70. Kb5 Kd5 71. Kb4
Rc8 72. Kb3 Kd4 73. Kb4 Rb8+ 74. Ka5 Kc5 75. Ka4 Rb7 76. Ka3 Kc4 77. Ka2 Kc3
78. Ka1 Kc2 79. Ka2 Ra7# {Hossa checkmated} 0-1

[Event "ICS rated blitz match"]
[Site "204.178.125.65"]
[Date "2000.12.13"]
[Round "?"]
[White "LrGenius"]
[Black "Hossa"]
[Result "0-1"]
[WhiteElo "2269"]
[BlackElo "2425"]
[PlyCount "40"]
[EventDate "2000.??.??"]

1. e4 e5 2. Nf3 Nf6 3. d4 Nxe4 4. Bd3 d5 5. Nxe5 Nd7 6. Nxd7 Bxd7 7. O-O Qf6 8.
c4 Qxd4 9. cxd5 O-O-O 10. Nc3 Nxc3 11. bxc3 Qxd5 12. Qc2 Bc6 13. Bf5+ Kb8 14.
Bh3 Qe5 15. f4 Bc5+ 16. Kh1 Qh5 17. Qf5 Rd1 18. Bb2 Bxg2+ 19. Kxg2 Qe2+ 20. Kh1
Rd2 {LrGenius resigns} 0-1

[Event "ICS rated blitz match"]
[Site "204.178.125.65"]
[Date "2000.12.13"]
[Round "?"]
[White "Hossa"]
[Black "LrGenius"]
[Result "0-1"]
[WhiteElo "2434"]
[BlackElo "2260"]
[PlyCount "74"]
[EventDate "2000.??.??"]

1. e4 e6 2. d4 d5 3. Nd2 Nc6 4. Ngf3 Nf6 5. exd5 exd5 6. Bb5 Bd6 7. Qe2+ Be6 8.
Ne5 O-O 9. Nxc6 bxc6 10. Bxc6 Rb8 11. c3 Bd7 12. Bxd7 Qxd7 13. O-O Rfe8 14. Qa6
Qf5 15. Nf3 h6 16. Qxa7 g5 17. Re1 g4 18. Rxe8+ Rxe8 19. Ne5 Ne4 20. Be3 f6 21.
Nc6 Qh5 22. g3 Nxg3 23. hxg3 Rxe3 24. fxe3 Bxg3 25. Qb8+ Kh7 26. Qxc7+ Bxc7 27.
Ne5 fxe5 28. Rd1 exd4 29. Rd2 g3 30. e4 dxe4 31. b4 e3 32. Rc2 d3 33. Rb2 d2
34. Rxd2 exd2 35. a4 d1=Q+ 36. Kg2 Qde2+ 37. Kg1 Qhh2# {Hossa checkmated} 0-1

[Event "ICS rated blitz match"]
[Site "204.178.125.65"]
[Date "2000.12.13"]
[Round "?"]
[White "PostModernist"]
[Black "Hossa"]
[Result "1-0"]
[WhiteElo "2606"]
[BlackElo "2411"]
[PlyCount "103"]
[EventDate "2000.??.??"]

1. e4 e5 2. Bc4 Nf6 3. d3 Nc6 4. Nf3 Be7 5. O-O O-O 6. h3 d6 7. c3 Na5 8. Bb5
a6 9. Ba4 b5 10. Bc2 Nc6 11. Bb3 Na5 12. Bc2 Nc6 13. d4 exd4 14. cxd4 Nb4 15.
Bd2 d5 16. Bxb4 Bxb4 17. e5 Ne4 18. Qe2 Bb7 19. a3 Ba5 20. b4 Bb6 21. Nbd2 Ng5
22. a4 bxa4 23. Qe3 Ne6 24. Rxa4 f6 25. Nb3 fxe5 26. Qxe5 Qd7 27. Nc5 Bxc5 28.
dxc5 Rae8 29. Qh5 g6 30. Qh6 Qg7 31. Qd2 Nf4 32. Bd1 Qf6 33. Ra3 Re4 34. Kh2 d4
35. g3 Nd5 36. Rd3 a5 37. b5 Nb4 38. c6 Nxd3 39. Qxd3 Bxc6 40. bxc6 Qxc6 41.
Nxd4 Qe8 42. Bb3+ Kh8 43. Bd5 Re5 44. Qc3 Rf6 45. Nc6 Ref5 46. g4 Rf4 47. g5
Qf8 48. Re1 Rxf2+ 49. Kg1 a4 50. gxf6 Qxf6 51. Qg3 Rf4 52. Qg2 {Hossa resigns}
1-0

[Event "ICS rated blitz match"]
[Site "204.178.125.65"]
[Date "2000.12.13"]
[Round "?"]
[White "Hossa"]
[Black "PostModernist"]
[Result "0-1"]
[WhiteElo "2403"]
[BlackElo "2614"]
[PlyCount "110"]
[EventDate "2000.??.??"]

1. e4 e6 2. d4 d5 3. Nd2 c5 4. Ngf3 Nf6 5. exd5 exd5 6. Bb5+ Bd7 7. Bxd7+ Nbxd7
8. O-O Be7 9. dxc5 Nxc5 10. Nd4 Qd7 11. N2f3 O-O 12. Ne5 Qc8 13. Re1 Re8 14.
Bf4 Bd6 15. Nb5 Bb8 16. Qc1 Nh5 17. g3 f6 18. Qd1 Nxf4 19. gxf4 fxe5 20. Qxd5+
Kh8 21. fxe5 Na4 22. Nd6 Bxd6 23. exd6 Qxc2 24. Rxe8+ Rxe8 25. Qxb7 Qg6+ 26.
Kh1 Qxd6 27. Rg1 g6 28. b3 Nc3 29. a3 Ne2 30. Ra1 Qc5 31. Qf3 Nd4 32. b4 Qe7
33. Qg4 Nc2 34. Rd1 Nxa3 35. Rd7 Qf6 36. Kg2 Qc6+ 37. Kh3 Nb5 38. Qd1 Qc3+ 39.
Rd3 Qxb4 40. Qa1+ Kg8 41. Qa2+ Kg7 42. Qa1+ Kf7 43. Qa2+ Re6 44. Rd7+ Kf6 45.
Qa1+ Re5 46. Rxh7 Qe4 47. Qd1 Rd5 48. Qg4 Rd3+ 49. Qg3 Rxg3+ 50. Kxg3 Nd4 51.
h3 Qf3+ 52. Kh2 Ne2 53. Rf7+ Kxf7 54. h4 Qxf2+ 55. Kh1 Ng3# {Hossa checkmated}
0-1

[Event "ICS rated blitz match"]
[Site "204.178.125.65"]
[Date "2000.12.13"]
[Round "?"]
[White "PostModernist"]
[Black "Hossa"]
[Result "1-0"]
[WhiteElo "2621"]
[BlackElo "2396"]
[PlyCount "221"]
[EventDate "2000.??.??"]

1. d4 d5 2. Nf3 Nf6 3. e3 e6 4. Nbd2 c5 5. c3 Nc6 6. Bb5 a6 7. Bxc6+ bxc6 8.
O-O Bd6 9. dxc5 Bxc5 10. b4 Bd6 11. Bb2 O-O 12. Qa4 Bd7 13. c4 c5 14. Bxf6 Bxa4
15. Bxd8 Rfxd8 16. bxc5 Bxc5 17. cxd5 exd5 18. Nb3 Bb4 19. Nbd4 g6 20. g4 Bd6
21. Rab1 Bd7 22. g5 Rab8 23. Rfd1 Rdc8 24. Rxb8 Rxb8 25. Nb3 Rb5 26. Kg2 Bg4
27. h3 Bd7 28. Rd3 Bf5 29. Rc3 Rb6 30. Nfd4 Bb1 31. a4 Be7 32. a5 Rb7 33. Rc6
Bd3 34. Nc5 Bxc5 35. Rxc5 Kg7 36. Kg3 Rd7 37. Rc8 Rb7 38. h4 h6 39. Rc5 hxg5
40. hxg5 Bc4 41. Kf4 Re7 42. f3 Rd7 43. Nc6 Rc7 44. Ke5 Bb3 45. Kd6 Rc8 46. Nb4
Re8 47. Rc3 Bd1 48. f4 Bf3 49. Kc5 d4 50. Kxd4 Rd8+ 51. Ke5 Re8+ 52. Kd6 Kf8
53. Nc6 Rc8 54. Rc5 Re8 55. Ne5 Re6+ 56. Kc7 Bg2 57. Rc1 Kg7 58. Rd1 Re8 59.
Rd7 Rf8 60. f5 gxf5 61. g6 Re8 62. Rxf7+ Kh6 63. Kd6 Be4 64. Ra7 Bc2 65. Rb7
Be4 66. Rh7+ Kg5 67. g7 Rg8 68. Ke6 Bc2 69. Kf7 Bb3+ 70. Ke7 Bd5 71. Nd7 Kg6
72. Nf8+ Kg5 73. Kd6 Bf7 74. Ke5 Bc4 75. Kd4 Bb3 76. Kc5 Kf6 77. Kb6 Bc4 78.
Nd7+ Kg6 79. Rh8 Kxg7 80. Rxg8+ Bxg8 81. Nc5 Kf6 82. Nxa6 f4 83. exf4 Kf5 84.
Nb4 Bc4 85. Kc5 Be2 86. Nd5 Ba6 87. Kb6 Bd3 88. Kc6 Be2 89. Kc7 Bd3 90. Kb6 Be2
91. Nc7 Kxf4 92. Nb5 Ke5 93. a6 Bf3 94. Kc7 Kf6 95. Nd6 Ke5 96. Nb7 Kd4 97. a7
Be4 98. a8=Q Bf3 99. Qa1+ Ke3 100. Qc1+ Kf2 101. Nd6 Kg3 102. Ne4+ Bxe4 103.
Qe3+ Bf3 104. Kd6 Kg2 105. Ke6 Ba8 106. Kf5 Bb7 107. Kf4 Kh2 108. Qf2+ Bg2 109.
Kg4 Kh1 110. Kg3 Bf1 111. Qxf1# {Hossa checkmated} 1-0

[Event "ICS rated blitz match"]
[Site "204.178.125.65"]
[Date "2000.12.13"]
[Round "?"]
[White "Hossa"]
[Black "PostModernist"]
[Result "0-1"]
[WhiteElo "2389"]
[BlackElo "2628"]
[PlyCount "136"]
[EventDate "2000.??.??"]

1. d4 Nf6 2. c4 g6 3. Nc3 d5 4. Nf3 Bg7 5. Bf4 O-O 6. Rc1 c6 7. e3 Bg4 8. cxd5
Nxd5 9. Nxd5 cxd5 10. Bc7 Bxf3 11. gxf3 Qc8 12. Bf4 Qe6 13. h4 Nc6 14. Be2 Rfc8
15. h5 Nb4 16. Rxc8+ Rxc8 17. a3 Nc2+ 18. Kd2 Qb6 19. hxg6 Qxb2 20. gxh7+ Kh8
21. Qc1 Qc3+ 22. Kd1 Nxe3+ 23. Bxe3 Qb3+ 24. Kd2 Qa2+ 25. Kd1 Rxc1+ 26. Bxc1
Bxd4 27. Bd3 e6 28. Rg1 f5 29. Rg6 Qxf2 30. Rxe6 Qxf3+ 31. Kc2 Kxh7 32. Bd2 Bg7
33. Rd6 Qg4 34. Be3 Qa4+ 35. Kd2 Bc3+ 36. Ke2 Qg4+ 37. Kf2 Bf6 38. Rxf6 Qh4+
39. Kf3 Qxf6 40. Bxa7 Qc3 41. Ke2 Qb2+ 42. Ke3 Qxa3 43. Bb8 Kg6 44. Be5 Qb4 45.
Kf3 d4 46. Bf4 Qe1 47. Be2 Qg1 48. Bd2 b6 49. Bc4 Qd1+ 50. Kg3 Qxd2 51. Bd5 f4+
52. Kf3 Qe3+ 53. Kg2 f3+ 54. Bxf3 Qxf3+ 55. Kxf3 Kf5 56. Kf2 b5 57. Ke2 Ke4 58.
Ke1 d3 59. Kd2 b4 60. Kd1 b3 61. Kc1 Kd4 62. Kd1 b2 63. Kd2 Ke4 64. Kc3 b1=Q
65. Kc4 d2 66. Kc5 d1=Q 67. Kc6 Qb8 68. Kc5 Qc2# {Hossa checkmated} 0-1

[Event "ICS rated blitz match"]
[Site "204.178.125.65"]
[Date "2000.12.13"]
[Round "?"]
[White "PostModernist"]
[Black "Hossa"]
[Result "1-0"]
[WhiteElo "2621"]
[BlackElo "2383"]
[PlyCount "77"]
[EventDate "2000.??.??"]

1. d4 Nf6 2. c4 g6 3. Nc3 d5 4. Bf4 Bg7 5. e3 O-O 6. Nf3 c6 7. Qc2 Nh5 8. Bg5
h6 9. Bh4 g5 10. Bg3 Na6 11. O-O-O Nb4 12. Qb1 dxc4 13. Bxc4 Bg4 14. h4 Nxg3
15. fxg3 b5 16. Nxg5 hxg5 17. hxg5 Re8 18. Qh7+ Kf8 19. g6 bxc4 20. gxf7 Kxf7
21. Rhf1+ Bf5 22. Rxf5+ Ke6 23. Qxg7 Nd3+ 24. Kb1 Rb8 25. d5+ Kd7 26. dxc6+
Kxc6 27. Qg4 Rxb2+ 28. Ka1 Rb4 29. Qe4+ Kb6 30. Nd5+ Kb5 31. Nxb4+ Kxb4 32.
Rxd3 e5 33. a3+ Kc5 34. Rxe5+ Kb6 35. Qxc4 Rxe5 36. Rb3+ Rb5 37. Rxb5+ Ka6 38.
Rb8+ Ka5 39. Qb5# {Hossa checkmated} 1-0

[Event "ICS rated blitz match"]
[Site "204.178.125.65"]
[Date "2000.12.13"]
[Round "?"]
[White "TimM"]
[Black "Hossa"]
[Result "0-1"]
[WhiteElo "1985"]
[BlackElo "2377"]
[PlyCount "104"]
[EventDate "2000.??.??"]

1. e4 c6 2. d4 d5 3. Nc3 dxe4 4. Nxe4 Nd7 5. Bc4 Ngf6 6. Ng5 e6 7. Qe2 Nb6 8.
Bb3 h6 9. N5f3 a5 10. a4 Bd6 11. Ne5 Nbd5 12. Ngf3 Bb4+ 13. Kf1 O-O 14. c3 Bd6
15. h4 c5 16. Be3 Nxe3+ 17. fxe3 b6 18. Bc4 Bb7 19. Rh3 Qe7 20. h5 Be4 21. Bd3
Qb7 22. Bxe4 Nxe4 23. Nc4 Ng3+ 24. Rxg3 Bxg3 25. dxc5 bxc5 26. e4 Qb8 27. e5 f6
28. exf6 Rxf6 29. Kg1 Qe8 30. b3 Qxh5 31. Rd1 Bh2+ 32. Kf1 Bc7 33. Kg1 Ra6 34.
Rd7 Bh2+ 35. Kf1 Bg3 36. Kg1 Rf8 37. Qd3 Qf5 38. Qd1 Qf4 39. Rd8 Ra8 40. Rxa8
Rxa8 41. Qd2 Qxd2 42. Nfxd2 Rd8 43. Kf1 Rf8+ 44. Nf3 g5 45. Kg1 Bc7 46. Nfd2 g4
47. Ne4 Rf4 48. Ncd2 Rf5 49. g3 Kf8 50. Kg2 Ke8 51. Nc4 Ke7 52. Ne3 Re5 {
TimM resigns} 0-1

[Event "ICS rated standard match"]
[Site "204.178.125.65"]
[Date "2000.12.13"]
[Round "?"]
[White "petereks"]
[Black "Hossa"]
[Result "1/2-1/2"]
[WhiteElo "2413"]
[BlackElo "2409"]
[PlyCount "201"]
[EventDate "2000.??.??"]

1. Nf3 Nf6 2. d4 e6 3. c4 b6 4. a3 d5 5. Nc3 dxc4 6. Bg5 Ba6 7. e4 Be7 8. d5
O-O 9. dxe6 fxe6 10. Qa4 Nfd7 11. Be3 Nc5 12. Bxc5 Bxc5 13. Bxc4 Bxf2+ 14. Ke2
Bxc4+ 15. Qxc4 Bc5 16. Qxe6+ Kh8 17. Rad1 Qf6 18. Qxf6 gxf6 19. Nd5 Rf7 20.
Rhf1 Nc6 21. g3 Raf8 22. b4 Bd6 23. Rc1 Nd8 24. Nd4 Be5 25. Nf5 Rd7 26. b5 Ne6
27. Rc4 Rfd8 28. a4 Nc5 29. Nfe3 Rd6 30. a5 Re6 31. Rd1 Bd6 32. Kf3 Rde8 33.
Ng2 bxa5 34. Nxc7 Bxc7 35. Rxc5 Bb6 36. Rc4 Re5 37. Rd5 Kg7 38. Nf4 Kg8 39. h3
Kf7 40. Rd7+ R5e7 41. Rd6 Bc7 42. Ra6 Bb6 43. Nd5 Rb7 44. Rc6 Re6 45. g4 Rd7
46. Nxb6 axb6 47. Raxb6 Rxc6 48. bxc6 Rd3+ 49. Kg2 Rc3 50. Ra6 a4 51. Rxa4 Rxc6
52. Ra7+ Kg6 53. Ra3 Rc4 54. Kf3 Rc1 55. Kf4 Kg7 56. h4 Rf1+ 57. Rf3 Rh1 58. h5
Rg1 59. Rf2 Kf7 60. Rb2 Rf1+ 61. Kg3 Rg1+ 62. Kh3 Re1 63. Rb7+ Kg8 64. Re7 Rg1
65. Kh4 Re1 66. Kg3 Rg1+ 67. Kf3 Rf1+ 68. Kg2 Rf4 69. Kg3 Rf1 70. e5 Rg1+ 71.
Kf4 Rf1+ 72. Ke4 Re1+ 73. Kf5 Rxe5+ 74. Kxf6 Rxe7 75. Kxe7 Kg7 76. Ke8 Kg8 77.
g5 Kg7 78. Kd7 Kf7 79. Kd6 Kg7 80. Ke6 Kh8 81. Kf5 Kg7 82. Ke5 Kf7 83. h6 Kg6
84. Kf4 Kf7 85. Kf5 Kg8 86. Ke6 Kh8 87. Ke5 Kg8 88. Kf6 Kh8 89. Ke6 Kg8 90. Ke7
Kh8 91. Kf6 Kg8 92. Kf5 Kf7 93. g6+ hxg6+ 94. Kg5 Kg8 95. Kf6 Kh7 96. Kg5 Kh8
97. Kxg6 Kg8 98. Kh5 Kh8 99. Kg6 Kg8 100. h7+ Kh8 101. Kh6 {Hossa stalemated}
1/2-1/2